De verdad, fue así : cuentos clásicos recontados /
Guardado en:
| Autor Principal: | |
|---|---|
| Otros Autores: | , , , , , , , |
| Formato: | Libro |
| Publicado: |
Buenos Aires :
Aique,
2009
|
| Materias: | |
| Etiquetas: |
Agregar Etiqueta
Sin Etiquetas, Sea el primero en etiquetar este registro!
|
| LEADER | 01751nam a22003735a 4500 | ||
|---|---|---|---|
| 001 | CEM.cems015057 | ||
| 008 | 130507s2009##################000#0#####d | ||
| 005 | 20250407162550.0 | ||
| 245 | 0 | 0 | |a De verdad, fue así : |b cuentos clásicos recontados / |c Adela Basch y otros. |
| 260 | |a Buenos Aires : |b Aique, |c 2009 | ||
| 300 | |a 127 p. | ||
| 500 | |a Antología / Coedición Latinoamericana. | ||
| 505 | 0 | |a La historia de Cenicienta tal como me la contaron a mí / Adela Basch -- Los tres cerditos y el aguará guazú / Angelo Machado -- Rapunzel y un grandesorden / Beatríz García Huidobro -- Antecedentes de una famosa historia / Carolina Alonso -- El misterio del corazón gris / Julio Calvo Drago -- Blancanieves al revés / Miguel Angel Tenorio -- La liebre y la tortuga / David Hernández Labastida -- El vestido nuevo de la emperatríz / Heriberto Tejo -- Hansel y gretel / Miriam Yagman | |
| 020 | |a 9788506059883 | ||
| 100 | 1 | |a Basch, Adela. | |
| 700 | 1 | |a Machado, Angelo. | |
| 700 | 1 | |a García Huidobro, Beatriz. | |
| 700 | 1 | |a Alonso, Carolina. | |
| 700 | 1 | |a Calvo Drago, Julio. | |
| 700 | 1 | |a Tenorio, Miguel Ángel. | |
| 700 | 1 | |a Hernández Labastida, David. | |
| 700 | 1 | |a Tejo, Heriberto. | |
| 700 | 1 | |a Yagman, Myriam. | |
| 082 | 0 | 4 | |a 808.8 |
| 653 | |a Antología | ||
| 653 | |a Cuentos | ||
| 653 | |a Cuentos clásicos | ||
| 653 | |a Literatura | ||
| 653 | |a Literatura latinoamericana | ||
| 653 | |a Literatura Universal | ||
| 859 | |a CEMS |b BIB. CEMS - Inicial y Primaria |h 808.8 |i B290 |k IP |p 6382 |t Ej.1 | ||
| 859 | |a CEMS |b BIB. CEMS - 11 de abril |h 808.8 |i B29 |p 27997.19 |t Ej.1 | ||
| 859 | |a CEMS |b BIB. CEMS - Inicial y Primaria |h 808.8 |i B290 |k IP |p 3585 |t Ej.2 | ||
| 859 | |a CEMS |b BIB. CEMS - Inicial y Primaria |h 808.8 |i B290 |k IP |p 3586 |t Ej.3 | ||
